00535nam a2200181Ia 4500020001800000082001500018245004900033260002900082300001300111440004700124504001900171650002700190650002600217650003300243650003100276700002300307700002300330 a0-387-23788-7 a306.6 HAN- 0aHandbook of religion and social institutions aNew YorkbSpringerc2005 axii, 439 aHandbooks of sociology and social research aincludes index aReligion and Sociology aReligion and politics aReligion and social problems aReligion and social status aKaplan, Howard B. aEbaugh, Helen Rose